00996nabaa22002057a 4500999001500000003000400015005001700019008004100036040000700077100003100084245013000115300001300245500003600258505020500294505008900499650003200588650003900620773011800659942001300777 c6296d6296OSt20260129015011.0190701b xxu||||| |||| 00| 0 spa d cPJ 93869aCanda, Fabián Omar10aPrincipios fundamentales del procedimiento administrativo en la LNPA reformada según la Ley de Bases /bFabián O. Canda.  ap. 19-35 aCita: TR LALEY AR/DOC/804/2025  aSumario: I. Valores, principios y reglas.— II. Diseño de los principios fundamentales en la LNPA, reformada por ley 27.742.— III. Los principios fundamentales en particular.— IV. Conclusiones  t¿Te interesa el texto completo? Comunicate al correo: koha@justierradelfuego.gov.ar 09211aDERECHO ADMINISTRATIVO 091135aPROCEDIMIENTO ADMINISTRATIVO0 0284293251dBuenos Aires : AbeledoPerrot, 2012-oDA121tDerecho administrativo. Nº 159 mayo/junio 2025z18510590 2udccANA